000 00659nam a22002057a 4500
999 _c9218
_d9218
003 AR-CdUCM
008 190327b ||||| |||| 00| 0 spa d
040 _aMUNICIPALIDAD PROVINCIAL DEL CUSCO
_cBIBLIOTECA MUNICIPAL DEL CUSCO
082 _a869.56 /
_bZ58
100 _aZegarra Guzman, Cosme
_925286
245 _aEl hombre te alcanzará /
260 _aLima :
_bRimac,
_c1960.
300 _a125 páginas ;
_c18 cm.
505 _aContenido: Final y partida -- Un poema a la madre -- Dos poemas en quechua -- Segunda época.
650 _aLiteratura Peruana
_9132
650 _aSiglo XX
_98
650 _aPoemas
_9929
942 _2ddc
_cLIBROS
945 _aachl